| 000 | 00361cam a2200145ua 4500 | ||
|---|---|---|---|
| 020 | _a9780080244006 | ||
| 082 |
_a664.024 _bSTA/PR |
||
| 100 | _aStanbury, Peter F . | ||
| 245 | _aPrinciples of fermentation technology / | ||
| 250 | _a1 / | ||
| 260 |
_aOxford : _bPergamon Press , _c1984. |
||
| 300 | _a255 ; . | ||
| 700 | 1 | _aWhittaker, Allan . | |
| 942 | _cBK | ||
| 999 |
_c1538 _d1538 |
||